000 00826nam a2200133Ia 4500
008 171212s9999 xx 000 0 und d
020 _a9780833040077
100 _aBrewer, Dominic J.;Augustine, Catherine H.;Zellman, Gail L.;Ryan, Gery W.;Goldman, Charles A.;Dominic J. Brewer, ;Catherine H. Augustine, ;Gail L. Zellman, ;Gery Ryan, ;Charles A. Goldman,
245 _cBrewer, Dominic J.;Augustine, Catherine H.;Zellman, Gail L.;Ryan, Gery W.;Goldman, Charles A.;Dominic J. Brewer, ;Catherine H. Augustine, ;Gail L. Zellman, ;Gery Ryan, ;Charles A. Goldman,
_aEducation for a New Era
_bDesign and Implementation of K–12 Education Reform in Qatar
260 _bRAND Corporation
_c2007
650 _aEducation
650 _aEducation -- Qatar; Education and state -- Qatar
856 _uwww.jstor.org/stable/10.7249/mg548qatar
999 _c351977
_d351977